000 00653cab a2200253 4500
001 WB2903-54
008 090401t1993 xxu||||| |||| 00| 0 eng d
035 _a(Sirsi) u31989
041 _aeng
245 _aLethal cocktail
260 _c1993
350 _a0
490 _aWestern Mail
_v19 January 1993, 4(1)
520 _aArgues for reform of leases used by retailers.
650 _aLEASE REFORM
650 _aLEASE STRUCTURE
650 _aLEASES
650 _aRENT REVIEWS
650 _aRETAIL PROPERTY
650 _aUPWARD ONLY RENT REVIEWS
690 _aLANDLORD AND TENANT-BUSINESS TENANCIES
942 _n0
948 _c04/03/1997
999 _c21468
_d21468